书目信息 |
| 题名: |
中国古代面具
|
|
| 作者: | 王俊 编著 | |
| 分册: | ||
| 出版信息: | 北京 中国商业出版社 2019.4 |
|
| 页数: | 183页 | |
| 开本: | 23cm | |
| 丛书名: | 中国传统民俗文化 | |
| 单 册: | ||
| 中图分类: | J528.3 | |
| 科图分类: | ||
| 主题词: | 假面具--工艺美术--介绍--中国--古代 | |
| 电子资源: | ||
| ISBN: | 978-7-5044-8596-0 | |
| 000 | 00924nam 2200289 45 | |
| 001 | 012001001317 | |
| 005 | 20130911094935.0 | |
| 010 | @a978-7-5044-8596-0@dCNY25.00 | |
| 099 | @aCAL 012015120903 | |
| 100 | @a20150827d2015 em y0chiy0110 ea | |
| 101 | 0 | @achi |
| 102 | @aCN@b110000 | |
| 105 | @aa a 000yy | |
| 106 | @ar | |
| 200 | 1 | @a中国古代面具@Azhong guo gu dai mian ju@f王俊编著 |
| 210 | @a北京@c中国商业出版社@d2019.4 | |
| 215 | @a183页@c图@d23cm | |
| 225 | 2 | @a中国传统民俗文化@Azhong guo chuan tong min su wen hua@i民俗系列 |
| 320 | @a有书目 | |
| 330 | @a本书全面而又简明地讲述了面具产生及发展演变的历史,全面深入地展示了中国民间面具艺术的风采。 | |
| 461 | 0 | @12001 @a中国传统民俗文化 |
| 462 | 0 | @12001 @a民俗系列 |
| 606 | 0 | @a假面具@x工艺美术@x介绍@y中国@z古代 |
| 690 | @aJ528.3@v5 | |
| 701 | 0 | @a王俊@Awang jun@4编著 |
| 801 | @aCN@b江苏凤凰@c20211018 | |
| 905 | @b1343032-5@dJ528.3@e606@f4 | |
| 中国古代面具/王俊编著.-北京:中国商业出版社,2019.4 |
| 183页:图;23cm.-(中国传统民俗文化.民俗系列) |
| ISBN 978-7-5044-8596-0:CNY25.00 |
| 本书全面而又简明地讲述了面具产生及发展演变的历史,全面深入地展示了中国民间面具艺术的风采。 |
| ● |
| 相关链接 |
|
|
|
|
正题名:中国古代面具
索取号:J528.3/606
 
预约/预借
| 序号 | 登录号 | 条形码 | 馆藏地/架位号 | 状态 | 备注 |
| 1 | 1343032 | 213430321 | 第一样本阅览室/ [索取号:J528.3/606] | 在馆 | |
| 2 | 1343033 | 213430330 | 第一借阅区/ [索取号:J528.3/606] | 在馆 | |
| 3 | 1343034 | 213430349 | 第一借阅区/ [索取号:J528.3/606] | 在馆 | |
| 4 | 1343035 | 213430358 | 第一借阅区/ [索取号:J528.3/606] | 在馆 |